| 000 | 01098cam a2200265 a 4500 | ||
|---|---|---|---|
| 001 | 000006679 | ||
| 005 | 20200929153956.0 | ||
| 008 | 000328s1998 sp ab b f000 0 spa | ||
| 020 | _a8477903182 | ||
| 040 |
_aDO-SdBNP _bspa _cBNPHU |
||
| 082 |
_a959.916 _bM278 |
||
| 245 | 0 | 0 |
_aManila, 1571-1898 : _bOccidente en Oriente / _c[Javier Aguilera Rojas...et al.]. |
| 260 |
_a[Madrid, España] : _bMinisterio de Fomento, Secretaría General Técnica, Centro de Publicaciones, _c1998. |
||
| 300 |
_axv, 317 p. : _bil., mapas ; _c29 cm. |
||
| 504 | _aIncluye referencias bibliográficas (p. 293-300). | ||
| 651 | 4 |
_aManila (Filipinas{Rpara} _xHistoria _918603 |
|
| 650 | 4 |
_aEdificios históricos _zFilipinas _zManila _918604 |
|
| 650 | 4 |
_aPlanificación de la ciudad _zFilipinas _zManila _xHistoria _918605 |
|
| 651 | 4 |
_aFilipinas _xHistoria _y1521-1898. _918606 |
|
| 700 | 1 |
_aAguilera Rojas, Javier, _d1947- _918607 |
|
| 700 | 1 |
_aVillalonga Campos, Fernando _918608 |
|
| 700 | 1 |
_aIbáñez Martín, Víctor Calvo Soleto _918609 |
|
| 700 | 1 |
_aGala Muñoz, Manuel _918610 |
|
| 700 | 1 |
_aOrtíz Armengol, Pedro _918611 |
|
| 999 |
_c6468 _d6468 |
||